| 000 | 00443nam a2200169Ia 4500 | ||
|---|---|---|---|
| 008 | 230524s9999 xx 000 0 und d | ||
| 020 | _a0521799651 | ||
| 082 |
_a574.192 _bWIL |
||
| 100 | _aKeith Wilson and John Walker | ||
| 245 | 0 | _aPractical Biochemistry Principles and Techniques | |
| 250 | _a5TH | ||
| 260 |
_aNEW DELHI _bCambridge _c2004 |
||
| 300 | _aIX;771 | ||
| 500 | _aQuantity Number: 25 | ||
| 650 | _aBiomedical | ||
| 942 | _cBK | ||
| 999 |
_c35506 _d35506 |
||